000 00885nam a2200253Ia 4500
003 OSt
005 20220923211022.0
006 a|||||r|||| 00| 0
007 ta
008 220922b |||||||| |||| 00| 0 hin d
020 _a8170556910 (hbk)
_c75
024 _a234,850
037 _b484, 21/03/2008, Vani Prakashan
_cTextual
040 _aARTS
_cARTS
_bhin
041 _2hin
_ahin
082 _aO157,3N62, 152P5
100 _aगोस्वामी, अमर, अनु.
_9157226
245 0 _aप्रिय तसलीमा नसरीन
246 _aPriya tasalīmā nasarīna
260 _aनई दिल्ली
_b वाणी प्रकाशन
_c2005
300 _a100पृ.
_ccm.
942 _hO157,3N62, 152P5
_cTEXL
_2CC
999 _c294033
_d294033